000 00613nam a2200181Ia 4500
008 100921s9999 xx 000 0 und d
082 _b5543
_a891.463 0
100 _aआपटे हरी नारायण.
245 _aमायेचा बाजार.
260 _bपटवर्धन अनंत विनायक ,पुणे.
_c0
300 _a400
_b---
365 _b2
520 _aललित-कादंबरी.
630 _aमायेचा बाजार.
650 _aललित-कादंबरी.
730 _aमायेचा बाजार.
942 _cBOOK
999 _c754656
_d754653